000 00781nam a2200277Ia 4500
001 C9543
003 IT-RoPAU
008 130308s9999 xx 000 0 und d
040 _aIT-RoPAU
040 _cIT-RoPAU
041 _aITALIANO
100 _aZavattini Cesare
100 _gCodice Aut. SPICS: 3365
245 _aContro il cinema delega. Mille cinegiornali liberi
245 _bUtopia e Cinema-Cento Anni di Sogni, Progetti e Paradossi
250 _a1a ed.
260 _aVENEZIA
260 _bMarsilio
260 _c1994 [1° Ed.:1994 - Ed.Ling.Originale:1968]
300 _a"12 p. (prefazione: no ; testo: 12 [pagine: 215-226])"
650 _aTEORICHE CINEMATOGRAFICHE
650 _eCodice materia Spics: 6805
942 _cBK
957 _71
999 _c82952
_d82952
999 _g1